Hypermarkety dobývajú český trh
Hypermarkety v Českej republike sa stali v krátkej dobe najfrekvetovanejším nákupným miestom v krajine. Vývoj spokojnosti českých zákazníkov s kvalitou a čerstvosťou tovaru. Hodnotenie predajní.
Salvato in:
| Natura: | Capitolo di libro |
|---|---|
| Lingua: | slovacco |
| Soggetti: | |
| Tags: |
Nessun Tag, puoi essere il primo ad aggiungerne!!
|
MARC
| LEADER | 00000naa a2200000 4500 | ||
|---|---|---|---|
| 001 | r044270 | ||
| 005 | 20231004093949.1 | ||
| 041 | 0 | |a slo | |
| 044 | |a SK | ||
| 245 | 1 | 0 | |a Hypermarkety dobývajú český trh |
| 520 | |a Hypermarkety v Českej republike sa stali v krátkej dobe najfrekvetovanejším nákupným miestom v krajine. Vývoj spokojnosti českých zákazníkov s kvalitou a čerstvosťou tovaru. Hodnotenie predajní. | ||
| 610 | 2 | 0 | |a hypermarkety |
| 610 | 2 | 0 | |a vývoj |
| 610 | 2 | 0 | |a prieskum štatistický |
| 610 | 2 | 0 | |a prieskum trhu |
| 610 | 2 | 0 | |a zákazníci |
| 610 | 2 | 0 | |a Česko |
| 610 | 2 | 0 | |a spokojnosť zákazníkov |